Smallest Landlocked Countries (1 minute sprint) - Statistics

General Stats
  • This quiz has been taken 15 times
  • The average score is 6 of 8
Answer Stats
Hint Answer % Correct
3 Liechtenstein
100%
2 San Marino
100%
1 Vatican City
100%
5 Luxembourg
91%
4 Andorra
82%
8 Rwanda
55%
7 North Macedonia
36%
6 Estwatini
0%
No matching quizzes found
Score Distribution
Percent of People with Each Score
Percentile by Number Answered
Your Score History
You have not taken this quiz